[Lamanskaja, Vera]
Zobrazenie: Podobizeň Very Lamanskej, dcéry Vladimíra Ivanoviča Lamanského z roku 1892.
| Corporate Author: | |
|---|---|
| Format: | Photo |
| Language: | French Russian |
| PhysicalDescription: | 1 fotografia v hnedom tóne 11 x 7 cm |
| Published: |
[S.l.
s.n.]
[1892]
|
| Subjects: |
MARC
| LEADER | 00000nkmaa2200000 a 4500 | ||
|---|---|---|---|
| 001 | vtls011915848 | ||
| 003 | SK-MaSNL | ||
| 005 | 20260302060543.0 | ||
| 007 | kh ao | ||
| 008 | 230802s1892 ru | |||0 k|fre | ||
| 035 | |a FAEA6D44-352F-4AE9-A9AA-B38D2F84383F | ||
| 035 | |a urn:nbn:sk:snk-km43i2s | ||
| 035 | |a urn:nbn:sk:snk-km00e7sy | ||
| 040 | |a SNKLA |b slo |c SNKLA |e AACR2 | ||
| 041 | 0 | |a fre |a rus | |
| 044 | |a ru |c RU | ||
| 110 | 2 | |a Vestly fils (Petrohrad, Rusko) |4 aut |9 194840 | |
| 245 | 1 | 0 | |a [Lamanskaja, Vera] |h grafika |
| 260 | |a [S.l. |b s.n.] |c [1892] | ||
| 300 | |a 1 fotografia |b v hnedom tóne |c 11 x 7 cm | ||
| 520 | 2 | |a Zobrazenie: Podobizeň Very Lamanskej, dcéry Vladimíra Ivanoviča Lamanského z roku 1892. | |
| 600 | 1 | 7 | |a Lamanskaja, Vera |2 SNKMA |9 718321 |
| 655 | 7 | |a portrétne fotografie |2 SNKPH |9 305796 | |
| 852 | 7 | |a Slovenská národná knižnica v Martine |b Literárny archív | |
| 958 | |a ZO | ||
| 958 | |a BLA | ||
| 999 | |c 1121729 |d 1123659 | ||
| 952 | |a SNKLA |b SNKLA |c SNKLA_DEP |y NEVYP |7 0 |p 17A1310700 |o snkSL 59/3 |i snkLA 2678/1960 |0 0 |1 0 |4 0 |d 2020-02-06 |f 1 |l 0 |r 2026-02-24 18:34:08 |w 2026-02-24 | ||


